000 00434nam a2200169Ia 4500
008 230524s9999 xx 000 0 und d
082 _a5
_bAPP
100 _aDoris Appleby
_924738
245 0 _aProgramming Languages Paradigm and Practice
250 _a1ST
260 _aNEW DELHI
_bTMH
_c2004
300 _aXII;256
500 _aQuantity Number: 1
650 _aComp-Sc
700 _a Julius J.Vande Kopple
_924739
942 _cBK
999 _c36620
_d36620